01002nam a22003017a 4500999001900000003000400019020001800023082002000041100002400061245012600085260005800211300001000269500003500279500002800314546001200342650002000354650002000374650001900394650001500413650002000428650002800448700002000476700001800496700001900514700001800533942001200551952013700563 c194383d194383OSt a9789312146446 aCE 330bSUN/UGC aSunder Gopal Mishra aUGC, NET/SET (JRF and LS), national and state eligibility test for junior research fellowship and lectureship:beconomics aNew DelhibArihant Publications (India) Limitedc2018 a705p. aEconomics: UGC, NET, SET exams aObjectives of economics aEnglish aMicro economics aMacro economics aPublic finance aStatistics aNational income aInternational economics aAthar Imam Raza aShakeel Anwar aSatyabroto Roy aPreeti Sharma 2ddccBK 00102ddc40708GenaKAUCLVbKAUCLVcGENERALd2020-05-11g575.00l6m1oCE 330 SUN/UGCp230291r2025-07-16 00:00:00s2025-07-16yBK